000 00450nmm a2200157Ia 4500
008 251105s9999||||xx |||||||||||||||||und||
041 _aspa
100 _aSánchez, Manuel Gerardo
245 0 _aEn verano duele más
264 _a[Madrid, España] :
_bEditorial Egales,
_c2023
300 _a240 páginas
490 _aNarrativa
650 _aLatin American literature
856 _uhttps://public.digitaliapublishing.com/a/133365
942 _cCF
999 _c100283
_d100283